[Event "Dun Laoghaire Centenary IM 2010"]
[Site "Dun Laoghaire IRL"]
[Date "2010.08.29"]
[Round "9"]
[White "Cech, Pavel"]
[Black "Tvarijonas, Povilas"]
[Result "1/2-1/2"]
[WhiteTitle "IM"]
[BlackTitle "FM"]
[WhiteElo "2410"]
[BlackElo "2370"]
[WhiteNationality "CZE"]
[BlackNationality "LTU"]
[WhiteFideId "302139"]
[BlackFideId "12802581"]
[PlyCount "30"]
[EventDate "2010.08.21"]
[Source "TWIC 825"]
[EventFullName "D&uacute;n Laoghaire Centenary IM 2010"]
[WhiteFullName "&#268;ech, Pavel"]

{ Event information: <a
href="http://www.irlchess.com/dunlaoghaireim2010_allfiles/pairings_dunlaoghaireim2010.html">Tournament
report</a>. }

1. d4 d5 2. c4 e6 3. Nc3 Nf6 4. Bg5 Be7 5. Nf3 Nbd7 6. e3 h6 7. Bh4 O-O 8.
cxd5 exd5 9. Bd3 c6 10. Qc2 Nh5 11. Bxe7 Qxe7 12. O-O Qd6 13. Rab1 a5 14.
a3 Nhf6 15. Rfc1 Re8 1/2-1/2

[Event "Dun Laoghaire Centenary IM 2010"]
[Site "Dun Laoghaire IRL"]
[Date "2010.08.29"]
[Round "9"]
[White "Fitzsimons, David"]
[Black "Rodriguez Lopez, Rafael"]
[Result "1-0"]
[BlackTitle "IM"]
[WhiteElo "2263"]
[BlackElo "2312"]
[WhiteICU "2260"]
[WhiteClub "Elm Mount"]
[WhiteNationality "IRL"]
[BlackNationality "ESP"]
[WhiteFideId "2501961"]
[BlackFideId "2204495"]
[PlyCount "79"]
[EventDate "2010.08.21"]
[Source "TWIC 825"]
[EventFullName "D&uacute;n Laoghaire Centenary IM 2010"]

{ Event information: <a
href="http://www.irlchess.com/dunlaoghaireim2010_allfiles/pairings_dunlaoghaireim2010.html">Tournament
report</a>. }

1. e4 c5 2. Nf3 d6 3. Nc3 a6 4. g3 Nc6 5. Bg2 e6 6. O-O Nf6 7. d3 Be7 8.
Ng5 h6 9. Nh3 e5 10. f4 Bg4 11. Qd2 exf4 12. Nxf4 O-O 13. Qf2 Rc8 14. Be3
Bd7 15. h3 b5 16. g4 b4 17. Nce2 Ne5 18. Ng3 g6 19. Qd2 Kh7 20. Nd5 Nxd5
21. exd5 Bg5 22. Bxg5 hxg5 23. Ne4 f6 24. Nxd6 Rc7 25. Nc4 Nxc4 26. dxc4
Bc8 27. d6 Bb7 28. Bxb7 Rxb7 29. Qd5 Qb6 30. Rae1 Rff7 31. Re6 Qd8 32.
Rfxf6 Rbd7 33. Rxg6 Qf8 34. Qd3 Rf3 35. Rh6+ Kg8 36. Reg6+ Rg7 37. Rxg7+
Qxg7 38. Qxf3 Qxh6 39. d7 Qd6 40. Qd5+ 1-0